Detalles MARC
| 000 -CABECERA |
| campo de control de longitud fija |
01573nam a2200313 i 4500 |
| 001 - NÚMERO DE CONTROL |
| campo de control |
16852 |
| 003 - IDENTIFICADOR DEL NÚMERO DE CONTROL |
| campo de control |
DO-SdUEMH |
| 005 - FECHA Y HORA DE LA ÚLTIMA TRANSACCIÓN |
| campo de control |
20260217210730.0 |
| 007 - CAMPO FIJO DE DESCRIPCIÓN FÍSICA--INFORMACIÓN GENERAL |
| campo de control de longitud fija |
ta |
| 008 - DATOS DE LONGITUD FIJA--INFORMACIÓN GENERAL |
| campo de control de longitud fija |
211105s2006||||ag a|||gr|||| 0|| |dspa d |
| 020 ## - NÚMERO INTERNACIONAL ESTÁNDAR DEL LIBRO |
| Número Internacional Estándar del Libro |
9789500204224 |
| 040 ## - FUENTE DE LA CATALOGACIÓN |
| Centro catalogador/agencia de origen |
DO-SdUEMH |
| Lengua de catalogación |
spa |
| Normas de descripción |
rda |
| 041 ## - CÓDIGO DE LENGUA |
| Código de lengua del texto/banda sonora o título independiente |
spa |
| 082 14 - NÚMERO DE LA CLASIFICACIÓN DECIMAL DEWEY |
| Número de clasificación |
572 B641Q 2006 |
| Colección |
Colección General |
| Número de documento/Ítem |
B641 |
| 084 ## - OTRO NÚMERO DE CLASIFICACIÓN |
| Item number |
13-00130 |
| 100 #1 - ENTRADA PRINCIPAL--NOMBRE DE PERSONA |
| Nombre de persona |
Blanco, Antonio |
| Término indicativo de función/relación |
autor |
| 245 ## - MENCIÓN DE TÍTULO |
| Título |
Química biológica / |
| Mención de responsabilidad, etc. |
Antonio Blanco |
| 250 ## - MENCIÓN DE EDICIÓN |
| Mención de edición |
Octava edición |
| 260 ## - PUBLICACIÓN, DISTRIBUCIÓN, ETC. |
| Date of publication, distribution, etc. |
2006 |
| 264 #1 - PRODUCCIÓN, PUBLICACIÓN, DISTRIBUCIÓN, FABRICACIÓN Y COPYRIGHT |
| Lugar de producción, publicación, distribución, fabricación |
Madrid, España : |
| Nombre del de productor, editor, distribuidor, fabricante |
Verlap S.A., |
| Fecha de producción, publicación, distribución, fabricación o copyright |
2006 |
| 264 #4 - PRODUCCIÓN, PUBLICACIÓN, DISTRIBUCIÓN, FABRICACIÓN Y COPYRIGHT |
| Fecha de producción, publicación, distribución, fabricación o copyright |
©2006 |
| 300 ## - DESCRIPCIÓN FÍSICA |
| Extensión |
636 páginas : |
| Otras características físicas |
ilustraciones ; |
| Dimensiones |
25 cm. |
| 336 ## - TIPO DE CONTENIDO |
| Fuente |
rdacontent |
| Término de tipo de contenido |
texto |
| Código de tipo de contenido |
txt |
| 337 ## - TIPO DE MEDIO |
| Fuente |
rdamedia |
| Nombre del tipo de medio |
sin mediación |
| Código del tipo de medio |
n |
| 338 ## - TIPO DE SOPORTE |
| Fuente |
rdacarrier |
| Nombre del tipo de soporte |
volumen |
| Código del tipo de soporte |
nc |
| 505 #2 - NOTA DE CONTENIDO CON FORMATO |
| Nota de contenido con formato |
Tabla periódica de los elementos -- Composición química del organismo -- Agua -- Proteínas -- Hidratos de carbono -- Lípidos -- Ácidos nucleicos -- Elementos de termodinámica y cinética bioquímicas -- Enzimas -- Oxidaciones biológicas. Bioenergética -- Membranas -- Digestión. Absorción -- Metabolismo -- Metabolismo de hidratos de carbono -- Metabolismo de lípidos -- Metabolismo de aminoácidos -- Metabolismo del hemo -- Metabolismo de purinas y pirimidinas -- Regulación del metabolismo -- La información genética. Replicación y transcripción -- La información genética. Biosíntesis de proteínas -- Bases bioquímicas de la endocrinología -- Vitaminas -- Balance hidromineral -- Bioquímica de tejidos -- Bases moleculares de la inmunidad. |
| 942 ## - ELEMENTOS DE PUNTO DE ACCESO ADICIONAL (KOHA) |
| Fuente del sistema de clasificación o colocación |
Dewey Decimal Classification |
| Tipo de ítem Koha |
Libro |
| Suprimir en OPAC |
No |